00639nam a22002177a 450000500170000001000150001702000260003202000230005803500130008103500170009403700130011103700220012408200100014610000270015624500960018326000360027927000370031530000310035250000190038370000190040220130321151519.0 aENG-105003 a9788182831599c160.00 a8182831598c160.00 aEN-88536 aB-491310-316 bDBAD/PUB bMallika Books/Ven a006.6 aBansal, Paritosh Kumar aKrishna's computer graphics /cby Paritosh Kumar Bansal ; edited by Er. Sugam Rastogib  aMeerutbKrishna Prakashanc2011 a11, Shivaji RoadbMeerute250001 avarious pagingsc24cm(pbk) aIncludes index aRastogi, Sugam